| 000 | 00733nam a2200205 i 4500 | ||
|---|---|---|---|
| 001 | 186899 | ||
| 003 | ES-MaACL | ||
| 005 | 20250823063130.0 | ||
| 008 | 170227s1932 sp f |||| |bspa d | ||
| 100 | 1 |
_aOteyza, Luis de, _d1883-1961 _987927 |
|
| 245 | 1 | 0 |
_aLópez de Ayala o el figurón político-literario / _cpor Luis de Oteyza. |
| 250 | _a1ª ed. | ||
| 260 |
_aMadrid : _bEspasa-Calpe, _c1932. |
||
| 300 |
_a212 p., [1] h. de lám. ; _c18 cm. |
||
| 490 | 1 |
_aVidas españolas e hispanoamericanas del siglo XIX ; _v25 |
|
| 600 | 1 | 4 |
_aLópez de Ayala, Adelardo, _d1828-1879 _9139648 |
| 830 | 0 | 0 |
_aVidas españolas e hispanoamericanas del siglo XIX _v25 _9192640 |
| 852 |
_aES-MaACL _jC-23236 |
||
| 999 |
_c186899 _d186899 |
||